000 01421nam a2200349Ia 4500
001 ebr10715441
003 CaPaEBR
006 m o u
007 cr cn|||||||||
008 040607s2005 miua sb 001 0 eng d
010 _z 2004013600
020 _z0814328547 (alk. paper)
020 _z0814328555 (pbk. : alk. paper)
020 _z9780814328552
020 _z9780814337370
040 _aCaPaEBR
_cCaPaEBR
035 _a(OCoLC)849944925
050 1 4 _aPN1998.3.F48
_bC35 2005eb
082 0 4 _a843/.912
_222
100 1 _aCallahan, Vicki.
245 1 0 _aZones of anxiety
_h[electronic resource] :
_bmovement, Musidora, and the crime serials of Louis Feuillade /
_cVicki Callahan.
260 _aDetroit :
_bWayne State University Press,
_cc2005.
300 _axi, 190 p. :
_bill.
490 0 _aContemporary approaches to film and television series
504 _aIncludes bibliographical references (p. 171-179) and index.
533 _aElectronic reproduction.
_bPalo Alto, Calif. :
_cebrary,
_d2013.
_nAvailable via World Wide Web.
_nAccess may be limited to ebrary affiliated libraries.
600 1 0 _aFeuillade, Louis,
_d1873-1925
_xCriticism and interpretation.
650 0 _aMotion pictures.
655 7 _aElectronic books.
_2local
710 2 _aebrary, Inc.
856 4 0 _uhttp://site.ebrary.com/lib/rucke/Doc?id=10715441
_zAn electronic book accessible through the World Wide Web; click to view
999 _c27150
_d27150